Normal view
MARC view
- Oaxaca
Entry Nombre Geográfico
001 - NÚMERO DE CONTROL
- campo de control: 14171
003 - IDENTIFICADOR DE NUMERO DE CONTROL
- campo de control: UPN
005 - FECHA Y HORA DE LA ÜLTIMA TRANSACCIÓN
- campo de control: 20241202093444.0
008 - DATOS DE LONGITUD FIJA
- campo de control de longitud fija: 230512nn fcnnnbabn n ana |d
035 ## - NÚMERO DE CONTROL
- Número de control: UPN10000014179
040 ## - FUENTE DE CATALOGACIÓN
- Lenguaje de catalogación: spa
- Agencia de catalogación original: MX-MxUPN
151 ## - ENCABEZAMIENTO - NOMBRE GEOGRÁFICO
- Nombre geográfico: Oaxaca
- Subdivisión general : Historia
670 ## - FUENTE EN LA QUE SE LOCALIZARON DATOS
- Cita de la fuente: Escamilla Gonzalez, G. Lista de encabezamientos de materia, 1978:
- Información localizada: página 616 (Oaxaca -- Historia}
902 ## - CATALOGADOR
- Catalogador: CAA/120996
- Catalogador: VíctorGodínez/120523
